000 01867nam a2200493 c 4500
001 BV009822467
003 DE-604
005 20210708171122.0
007 t
008 940905s1994 gw |||| 00||| ger d
016 7 _a94183929X
_2DE-101
020 _a3928999311
_93-928999-31-1
035 _a(OCoLC)36484530
035 _a(DE-599)BVBBV009822467
040 _aDE-604
_bger
_cRU-10907106
041 0 _ager
100 1 _aEberlein, Werner
_eVerfasser
_4aut
245 1 0 _aAnsichten, Einsichten, Aussichten
_cWerner Eberlein
264 1 _aBerlin
_bSpotless-Verl.
_c1994
300 _a96 Seiten
336 _aText
_btxt
_2rdacontent
337 _aohne Hilfsmittel zu benutzen
_bn
_2rdamedia
338 _aBand
_bnc
_2rdacarrier
600 1 7 _aEberlein, Werner
_d1919-2002
_0(DE-588)119275554
_2gnd
_9rswk-swf
610 1 7 _aPartei des Demokratischen Sozialismus
_2gnd
610 2 4 _aSozialistische Einheitspartei Deutschlands.
_bZentralkomitee.
_bPolitbüro
_vBiography
650 7 _aKommunistische Partei, Führung
_2fes
650 7 _aSozialistische Partei, Führung
_2fes
650 4 _aPolitik
650 4 _aCommunists
_zGermany (East)
_vBiography
650 4 _aPoliticians
_zGermany (East)
_vBiography
650 0 7 _aInterview
_0(DE-588)4027503-6
_2gnd
_9rswk-swf
650 0 7 _aGeschichte
_0(DE-588)4020517-4
_2gnd
_9rswk-swf
650 0 7 _aFunktionär
_0(DE-588)4125974-9
_2gnd
_9rswk-swf
650 0 7 _aVergangenheitsbewältigung
_0(DE-588)4061672-1
_2gnd
_9rswk-swf
650 0 7 _aStaatssozialismus
_0(DE-588)4182676-0
_2gnd
_9rswk-swf
651 4 _aGermany (East)
_xPolitics and government
651 7 _aDeutschland
_gDDR
_0(DE-588)4011890-3
_2gnd
_9rswk-swf
655 7 _0(DE-588)4006804-3
_aBiografie
_2gnd-content
655 7 _0(DE-588)4133254-4
_aErlebnisbericht
_2gnd-content
655 7 _aAutobiografie
_2fes
655 7 _aInterview
_2fes
942 _2z
_cMG
999 _c56956
_d56956